000 00452nam a2200181Ia 4500
001 13311
005 20260306164752.0
008 260306t2001||||xx |||||||||||||| ||spa||
041 _aESP
082 _aS 001.42
_bO67
100 _aOrna, Elisabeth
_eAUT
245 0 _aCómo usar la información en trabajos de investigación
260 _c2001
300 _a237 páginas :
_c23 cm.
650 _aGEN
654 _aCHU
942 _cLIB
_dJUS
_fJUS
_2ddc
_n
999 _c13311
_d13311